000
00404nam a22001577a 4500
003
OSt
005
20120302150757.0
008
090811t xxu||||| |||| 00| 0 eng d
035
_a
१२०८९
040
_c
मराठी
100
_a
गडकर, रेचल
_9
8058
222
_a
नाटक
245
_a
माझे घरटे
300
_b
२२ पाने
942
_2
ddc
_c
BOOK
999
_c
492979
_d
492976